<?xml version="1.0" encoding="UTF-8"?>
<record
    xmlns:xsi="http://www.w3.org/2001/XMLSchema-instance"
    xsi:schemaLocation="http://www.loc.gov/MARC21/slim http://www.loc.gov/standards/marcxml/schema/MARC21slim.xsd"
    xmlns="http://www.loc.gov/MARC21/slim">

  <leader>00676nam a22001577a 4500</leader>
  <controlfield tag="003">OSt</controlfield>
  <controlfield tag="005">20150905140438.0</controlfield>
  <controlfield tag="008">150905b        xxu||||| |||| 00| 0 eng d</controlfield>
  <datafield tag="040" ind1=" " ind2=" ">
    <subfield code="c">RUA</subfield>
  </datafield>
  <datafield tag="082" ind1=" " ind2=" ">
    <subfield code="a">AGR &#x1794;&#x17CA;&#x17BB;&#x1793;&#x200B;1989 B001 Or.1</subfield>
  </datafield>
  <datafield tag="100" ind1=" " ind2=" ">
    <subfield code="9">28</subfield>
    <subfield code="a">&#x1794;&#x17CA;&#x17BB;&#x1793;&#x179F;&#x17B6;&#x179A;&#x17B8;</subfield>
  </datafield>
  <datafield tag="245" ind1=" " ind2=" ">
    <subfield code="a">&#x178C;&#x17B8;&#x178E;&#x17B6;&#x1798;&#x17B7;&#x1785;&#x1793;&#x17C3;&#x1791;&#x17D2;&#x179A;&#x1784;&#x17CB;&#x1791;&#x17D2;&#x179A;&#x17B6;&#x1799;&#x17A2;&#x17B6;&#x179F;&#x17BC;&#x178F;&#x1798;&#x17B8;&#x1793;&#x17C1;&#x179A;&#x17C9;&#x17B6;&#x179B;&#x17CB;&#x1793;&#x17B7;&#x1784;&#x200B;&#x1795;&#x17BC;&#x179F;&#x17D2;&#x179C;&#x17D0;&#x179A;&#x1785;&#x179B;&#x17D0;&#x178F;&#x1780;&#x17D2;&#x1793;&#x17BB;&#x1784;&#x178A;&#x17B8;&#x179B;&#x17D2;&#x1794;&#x17B6;&#x1794;&#x17CB;&#x1793;&#x17B7;&#x1784;&#x1796;&#x17B6;&#x1780;&#x17CB;&#x1780;&#x178E;&#x17D2;&#x178A;&#x17B6;&#x179B;&#x1787;&#x17B6;&#x17C6;&#x1791;&#x17B9;&#x1780;&#x1780;&#x17D2;&#x1793;&#x17BB;&#x1784;&#x1780;&#x17B6;&#x179A;&#x178A;&#x17B6;&#x17C6;&#x178A;&#x17BB;&#x17C7;&#x1780;&#x1794;&#x17D2;&#x1794;&#x17B6;&#x179F;</subfield>
  </datafield>
  <datafield tag="260" ind1=" " ind2=" ">
    <subfield code="a">Phnom Penh</subfield>
    <subfield code="b">RUA</subfield>
    <subfield code="c">1989</subfield>
  </datafield>
  <datafield tag="300" ind1=" " ind2=" ">
    <subfield code="a">74p.</subfield>
    <subfield code="b">ill.</subfield>
    <subfield code="c">29cm.</subfield>
  </datafield>
  <datafield tag="942" ind1=" " ind2=" ">
    <subfield code="2">ddc</subfield>
    <subfield code="c">AGR</subfield>
  </datafield>
  <datafield tag="999" ind1=" " ind2=" ">
    <subfield code="c">27</subfield>
    <subfield code="d">27</subfield>
  </datafield>
</record>
